|
|
|
|
| LEADER |
00000nam0a2200000 4500 |
| 001 |
147200 |
| 005 |
20231031144948.0 |
| 020 |
|
|
|a RU
|b 87-48601
|
| 035 |
|
|
|a (RuTPU)RU\TPU\book\159548
|
| 090 |
|
|
|a 147200
|
| 100 |
|
|
|a 20081111d1987 m y0rusy5003 ca
|
| 101 |
0 |
|
|a rus
|
| 102 |
|
|
|a RU
|
| 105 |
|
|
|a a z 000ay
|
| 200 |
1 |
|
|a Побратимы
|e повесть
|f Б. А. Пластинин
|g худож. Н. К. Захаров
|
| 210 |
|
|
|a Тула
|c Приокское кн. изд-во
|d 1987
|
| 215 |
|
|
|a 212,[2] с.
|c ил.
|d 21 см
|
| 610 |
1 |
|
|a Великая Отечественная война 1941-1945 гг.
|
| 610 |
1 |
|
|a поляки
|
| 610 |
1 |
|
|a советская литература
|
| 610 |
1 |
|
|a повести
|
| 610 |
1 |
|
|a войско
|
| 675 |
|
|
|a Р2
|z rus
|
| 700 |
|
1 |
|a Пластинин
|b Б. А.
|g Борис Антонович
|4 070
|
| 702 |
|
1 |
|a Захаров
|b Н. К.
|4 440
|
| 801 |
|
0 |
|a RU
|b RuMRKP
|c 19950417
|g psbo
|
| 801 |
|
1 |
|a RU
|b 63413507
|c 20081111
|g PSBO
|
| 801 |
|
2 |
|a RU
|b 63413507
|c 20140226
|g PSBO
|
| 942 |
|
|
|c BK
|